Greatest Enemies of Israel - Statistics

General Stats
  • This quiz has been taken 525 times
    68 since last reset
  • The average score is 19 of 21
Answer Stats
Hint Country % Correct
Former leader of Arab World led by Nasser Egypt
100%
There is a law in this country that requires Israel to be destroyed by 2040 Iran
100%
Saddam Hussein didn't like Israel Iraq
100%
This country is ruled by Taliban (again) Afghanistan
98%
Once a puppet state of the above Kuwait
98%
In 2024, Israel invaded in this country (where Hezbollah is active) Lebanon
98%
Muammar Gaddafi also didn't like Israel Libya
98%
Today 'leader' of Arab World Saudi Arabia
98%
Erdoğan called Israel a "rogue state" Turkey
98%
And Kim Jong Un doesn't like Israel really much North Korea
97%
This country was ruled by Assad Family Syria
97%
Country where the Houthis are active Yemen
97%
Most powerful Muslim country in Southeast Asia Indonesia
95%
Israel attacked the HAMAS office in this country Qatar
94%
The Greatest Israeli enemy forever Palestine
92%
Communist country in Americas Cuba
91%
This Islamic Republic supported Islamist militants Pakistan
84%
The Entebbe raid was carried out here (hello Idi Amin) Uganda
75%
This country supported Arab countries because Israel supported USA in Cold war Soviet Union
73%
This African country has filed a lawsuit against Israel in the International Court of Justice South Africa
66%
Former anti-Israel union of Syria and Egypt United Arab Republic
42%
No matching quizzes found
Score Distribution
Percent of People with Each Score
Percentile by Number Answered
Your Score History
You have not taken this quiz since the last reset